|
|
|
|
| LEADER |
00000cam a2200000 i 4500 |
| 001 |
1/15026 |
| 008 |
110913s2009 gre d |
| 020 |
|
|
|a 978-960-469-423-5
|
| 035 |
|
|
|l 10110809
|
| 040 |
|
|
|a GR-MY-UA
|b gre
|e aacr
|
| 041 |
0 |
|
|a gre
|
| 082 |
0 |
|
|a 889.7
|2 (22)
|
| 100 |
1 |
|
|a Τσιφόρος, Νίκος,
|d 1909-1970.
|
| 245 |
1 |
0 |
|a Σταυροφορίες /
|c Νίκος Τσιφόρος ; επιμέλεια διόρθωση Χρήστος Γιαμαρέλλος
|
| 260 |
|
|
|a Αθήνα :
|b Ερμής,
|c 2009
|
| 300 |
|
|
|a 302 σ.;
|c 20 εκ.
|
| 500 |
|
|
|a Ειδική έκδοση για την εφημερίδα "Τα Νέα"
|
| 650 |
0 |
0 |
|a Humorous stories, Greek.
|
| 650 |
0 |
0 |
|a Greek wit and humor.
|
| 650 |
0 |
0 |
|a Greek fiction, Modern.
|
| 852 |
|
|
|a INST
|b SAMOS
|e 20110913
|h 889.7 ΤΣΙ
|p 005300032507
|q 005300032507
|t BK
|y 0
|
| 901 |
|
|
|a BIBL3-2011-2
|
| 909 |
|
|
|a Σ
|b 167374
|
| 970 |
|
|
|a ΓΟΥΒΑΛΑ
|b ΒΑΣΩ
|z 2011/09/13
|